00551nam a22001577a 450000500170000000800410001704000350005804100080009308200330010110000310013424500480016526000500021330000660026365000320032965000320036120240820160236.0240820s1972 sp aebc| |||| 001 0 spa d aCO-JMCRcCO-JMCRdCO-JMCRerda aspa 223° edicióna709.38bT19a eautoraTarradell , Miguel, aEl arte griego y romano ;cMiguel Tarradell aEspaña :bBiblioteca general Savat , c1972 a134 páginas :bIlustraciones a color, mapas, planosc18 cm.142JMCRaArte griegoxHistoria242JMCRaArte romanoxHistoria